000
00299nam a2200133Ia 4500
100
_a
Kumbhojkar/G.v
650
_a
Applied mathematics
942
_c
BK
245
_a
Applied Mathematics III:Production
260
_b
C.Jamnadas & Co.
_c
2014
082
_a
519
_b
kUM
546
_a
ENGLISH
999
_c
25804
_d
25804